| 000 | 00694cam a22002291 4500 | ||
|---|---|---|---|
| 001 | 1225271 | ||
| 003 | GBCCL | ||
| 005 | 20241126110331.0 | ||
| 008 | 731212s1966 pau 000 0 eng | ||
| 010 | _a 66020094 | ||
| 040 |
_aDLC _cDLC _dDLC |
||
| 050 | 0 | 0 |
_aBS647.2 _b.O9 |
| 082 | 0 | 0 |
_a220.15 _bOXT |
| 100 | 1 |
_aOxtoby, Gurdon C. _91832 |
|
| 245 | 1 | 0 |
_aPrediction and fulfillment in the Bible, _cby Gurdon C. Oxtoby. |
| 260 |
_aPhiladelphia, _bWestminster Press _c[1966] |
||
| 300 |
_a159 p. _c21 cm. |
||
| 630 | 0 | 0 |
_aBible _xProphecies. _9457 |
| 630 | 0 | 0 |
_aBible. _pNew Testament _xRelation to the Old Testament. _91833 |
| 906 |
_a7 _bcbc _corignew _du _eocip _f19 _gy-gencatlg |
||
| 942 |
_2ddc _cBK _01 |
||
| 999 |
_c129 _d129 |
||